000 01094nam a22003617a 4500
003 CHAP
005 20220329134005.0
008 971013s1972 r 00010 d
010 _a13700
011 _a14672
035 _a18746
040 _cCHAP
082 _a531
_bB44 1972
100 0 0 _aBeer, Ferdinand P.
_911260
245 _aVector mechanics for engineers
250 _a2 ed.
260 _aNew York :
_bMcGraw-Hill,
_c1972
300 _a2 v.
_b: ilus.
500 _aLa biblioteca tiene : v.1
505 _aContenido : V.1 Statics v.2 Dynamics
590 _aBATCH-UPD
_b10
_c20130110
_lUCH01
_h1222
590 _aBATCH-UPD
_b10
_c20130410
_lUCH01
_h0756
590 _aBATCH-UPD
_b10
_c20130914
_lUCH01
_h0556
590 _aCONVERSION
_b10
_c20130109
_lUCH01
_h1309
650 1 4 _aAnalisis vectorial.
_95995
650 1 4 _aDinámica.
_932626
650 1 4 _aEstática.
_938334
650 1 4 _aIngeniería mecánica.
_958260
700 0 _aJohnston, E. Russell.
_961892
901 _aBK
942 _cLIBRO
949 _a531 B44 1972
_bBC
_cLIBRO
_d33724000411310
_eLIBRO
_fv.1
_h16889
_i18746
_si
999 _c13700
_d13700